00409nam a2200133Ia 4500008004100000100002700041245007900068260000900147300001300156504000800169650002100177650001500198773006200213181130s2018 xx 000 0 und d aVelankar, Nandan et al aA study of factors affecting entrepreneurial motivation among the students c2018 ap.35-47. dFeb aEntrepreneurship aMotivation aPrestige International Journal of Management and Research